[Event "LUX-ch U18"]
[Site "Bonnevoie"]
[Date "2000.02.26"]
[Round "1"]
[White "Mergeai, Christophe"]
[Black "Majerus, Samuel"]
[Result "1-0"]
[WhiteElo "1566"]
[BlackElo "1317"]
[PlyCount "129"]
[EventDate "2000.02.26"]
[EventType "swiss"]
[EventRounds "7"]
[EventCountry "LUX"]
[SourceTitle "EXT 2005"]
[Source "ChessBase"]
[SourceDate "2004.11.15"]
[SourceVersion "1"]
[SourceVersionDate "2004.11.15"]
[SourceQuality "1"]

1. e4 Nf6 2. e5 Nd5 3. d4 g6 4. Nf3 Bg7 5. Bc4 Nb6 6. Bb3 0-0 7. 0-0 d5 8. h3 Nc4 9. Nbd2 Nxd2 10. Bxd2 Bf5 11. Re1 Be4 12. c3 Bxf3 13. Qxf3 Nc6 14. Bxd5 e6 15. Bxc6 bxc6 16. Qxc6 Rb8 17. b3 Rb6 18. Qf3 Qd7 19. Qg4 Qd5 20. Qh4 Re8 21. Bh6 Bf8 22. Bxf8 Rxf8 23. Qe4 Qb5 24. Qe2 Qc6 25. Qd3 Rd8 26. Red1 Qd7 27. Rd2 Qe7 28. Qe4 f5 29. exf6 Qxf6 30. Re2 Rc8 31. Qe5 Qh4 32. Re4 Qe7 33. Qf4 g5 34. Qe3 c5 35. dxc5 Rxc5 36. Re5 Rcc6 37. Qxg5+ Qxg5 38. Rxg5+ Kf7 39. Rg3 e5 40. Rd3 e4 41. Rd4 Rxc3 42. Rxe4 Rbc6 43. Re2 Rc1+ 44. Rxc1 Rxc1+ 45. Kh2 Kf6 46. Kg3 Rc3+ 47. f3 Rc5 48. Re4 Rc2 49. Ra4 Rc7 50. Kf4 Ke6 51. Ke4 Kd6 52. Kd4 Kc6 53. Rc4+ Kd6 54. Rxc7 Kxc7 55. Kc5 Kb7 56. f4 Kc7 57. f5 Kd8 58. Kd6 Ke8 59. Ke6 Kf8 60. Kf6 Kg8 61. Ke7 Kg7 62. f6+ Kg6 63. f7 Kg5 64. f8Q h5 65. Qf6# 1-0